Focus (Record no. 78829)

MARC details
000 -LEADER
fixed length control field 01089cab a22002175a 4500
001 - CONTROL NUMBER
control field L138234
008 - FIXED-LENGTH DATA ELEMENTS--GENERAL INFORMATION
fixed length control field 070523e20070519xxkdo f 000 0 eng d
035 ## - SYSTEM CONTROL NUMBER
System control number (Sirsi) u138234
041 0# - LANGUAGE CODE
Language code of text/sound track or separate title eng
100 1# - MAIN ENTRY--PERSONAL NAME
Personal name Meadwell, Stacey
245 00 - TITLE STATEMENT
Title Focus
Remainder of title Edinburgh
260 ## - PUBLICATION, DISTRIBUTION, ETC.
Date of publication, distribution, etc. 2007
490 ## - SERIES STATEMENT
Series statement Estates Gazette
Volume/sequential designation (0720) 19 May 2007, 119-137(12)
520 ## - SUMMARY, ETC.
Summary, etc. Reports on the council's aims to rebalance the east and west ends of the main retail area. Analyses the main pedestrian flow in these areas. The financial sector is analysed, and some warning signs are noted. The introduction of a tram network for the north of the city has been delayed, creating some uncertainty. The council's framework for development up to 2015 is considered. The Caltongate area's proposed development must not affect the city's world status. Agents are attempting to attract industrial developers back to the area.
590 ## - LOCAL NOTE (RLIN)
Local note KA
651 #4 - SUBJECT ADDED ENTRY--GEOGRAPHIC NAME
Geographic name Scotland
Chronological subdivision 1999-
690 ## - LOCAL SUBJECT ADDED ENTRY--TOPICAL TERM (OCLC, RLIN)
Topical term or geographic name as entry element PROPERTY-COMMERCIAL PROPERTY-COMMERCIAL PROPERTY MARKET
700 1# - ADDED ENTRY--PERSONAL NAME
Personal name Baker, Colin
700 1# - ADDED ENTRY--PERSONAL NAME
Personal name Morrison, Adrian
942 ## - ADDED ENTRY ELEMENTS (KOHA)
Suppress in OPAC 0
Holdings
Withdrawn status Lost status Source of classification or shelving scheme Damaged status Not for loan Home library Current library Shelving location Date acquired Total Checkouts Full call number Barcode Date last seen Copy number Price effective from Koha item type
    Dewey Decimal Classification     London London Journal article 23/05/2007   L138234 138234-1001 06/08/2019 1 06/08/2019 Journal article